Statistics for Name the College Football Team: The American

Click here to take the quiz!

General Stats

  • This quiz has been taken 36 times
    (4 since last reset)
  • The average score is 11 of 14

Answer Stats

Answer% Correct
Army
100%
Florida Atlantic
100%
Memphis
100%
Rice
100%
Temple
100%
East Carolina
75%
Navy
75%
North Texas
75%
South Florida
75%
Tulane
75%
UAB
75%
UTSA
75%
Charlotte
50%
Tulsa
50%

Score Distribution

Percentile by Number Answered

Percent of People with Each Score

Your Score History

You have not taken this quiz since the last reset